000 00383nam a2200121Ia 4500
008 220620s9999||||xx |||||||||||||| ||und||
245 0 _aScience and Technology of Casting Processes
546 _aEnglish[eng]
650 _aManufacturing industries
700 _aSrinivasan, Malur
856 _uhttps://mts.intechopen.com/storage/books/2759/authors_book/authors_book.pdf
942 _cEB
999 _c30543
_d30543